Formuła 1 - Dostawcy Silników Williams - Statystyki

Ogólne statystyki
  • Ten quiz został rozwiązany 43 razy
  • Średni wynik to 7 z 12
Statystyki odpowiedzi
Sezony Silnik % Poprawnych
2014-teraz Mercedes
100%
2012-2013 Renault
92%
1989-1997 Renault
92%
1978-1983 Ford Cosworth
81%
1983-1987 Honda
78%
2000-2005 BMW
68%
2010-2011 Cosworth
62%
2006 Cosworth
62%
2007-2009 Toyota
51%
1999 Supertec
14%
1988 Judd
11%
1998 Mecachrome
11%
Nie znaleziono quizów pasujących do podanych kryteriów
Rozkład punktacji
Procent ludzi z każdym wynikiem
Percentyl według liczby udzielonych odpowiedzi
Twoja historia wyników
Nie rozwiązałeś tego quizu